000 00554nam a2200181 i 4500
001 133202
003 ES-MaACL
005 20250729015733.0
007 t|
008 070214s1946 sp r ||||1| spa d
100 1 _aRubió i Balaguer, Jordi.
_9100418
245 1 0 _aCatalogación y ordenación de bibliotecas
_b: instrucciones elementales /
_cJorge Rubió.
260 _aBarcelona :
_bWa-L-Imp,
_c1946.
300 _a141 p. ;
_c24 cm.
650 0 7 _aBiblioteconomía
_2embne
_910554
852 _aES-MaACL
_jC-5450
_bR.25555
999 _c133202
_d133202